| 000 | 00759nam a2200229 a 4500 | ||
|---|---|---|---|
| 001 | 000023003 | ||
| 005 | 20200930021927.0 | ||
| 008 | 101124s1970 ve r 000 0 spa d | ||
| 040 |
_aDO-SdBNP _bspa _cBNPHU |
||
| 082 |
_a844.4 _bM535e |
||
| 100 | 1 |
_aMénard, René, _d1605-1661. _947325 |
|
| 240 | 1 | 0 |
_aL'experience poetique. _lEspañol. |
| 245 | 1 | 0 |
_aLa experiencia poética / _cRené Ménard ; versión y nota preliminar, Raul Gustavo Aguirre. |
| 260 |
_aCaracas, (Venezuela) : _bMonte Ávila Editores, _c1970. |
||
| 300 |
_a104, [2] p. ; _c19 cm. |
||
| 490 | 1 | _aEstudios | |
| 534 |
_aTítulo original: _tL'experience poetique. |
||
| 650 | 4 |
_aPoesía francesa _94916 |
|
| 650 | 4 |
_aLiteratura francesa _91074 |
|
| 830 | 0 |
_aEstudios _93854 |
|
| 049 | _aBNGR | ||
| 999 |
_c22500 _d22500 |
||